01174pab a2200193 454500008004000000100002600040245006700066260000900133300001300142362000800155520058600163650002200749700002200771773005000793908000600843909001000849999001700859952010400876180718b2011 xxu||||| |||| 00| 0 eng d aHayllar, Mark Richard aSocial enterprise: What is it, and how can it be strengthened? c2011 ap.17-36. aJun aThere has been a rapid growth in the social enterprise sector since the early years of the 21st century. This is evident in many countries and is widely regarded as a very positive humanitarian development, though it is not easy to explain exactly what the sector involves. Accordingly, as well as discussing definitional issues, this article draws attention to factors operating to prevent the social enterprise sector from achieving its full potential, and considers strategies that need to be followed to empower social enterprises and ensure their sustainability. - Reproduced. aSocial enterprise aWettenhall, Roger aAsia Pacific Journal of Public Administration aN a94141 c94141d94141 00104070aIIPAbIIPAd2018-07-19hVolume no: 33, Issue no: 1pAR94601r2018-07-19w2018-07-19yAR